000 00495nam a2200205Ia 4500
005 20250425161540.0
008 250425s9999 xx 000 0 und d
020 _a0900497890
041 _aeng
082 _a669.142
100 _aCHESTERS, J.H.
245 0 _aREFRACTORIES FOR IRON-AND STEELMAKING
250 _a1ST ED.
260 _aBRADFORD
260 _aReino Unido
_bTHE METALS SOCIETY
_c1974
300 _a493
650 _aALEACIONES DE ACERO
942 _c01
010 _a22781
999 _c211391
_d211391